|
|
|
|
| LEADER |
00000nas a2200000 a 4500 |
| 001 |
ssj0000528740 |
| 003 |
WaSeSS |
| 005 |
20200512172242.0 |
| 006 |
m d |
| 007 |
cr n |
| 008 |
081203c19989999ci fx s 0 0hrv c |
| 010 |
|
|
|a 2010263022
|
| 035 |
|
|
|a (WaSeSS)ssj0000528740
|
| 037 |
|
|
|b Psihologijske teme, Faculty of Arts and Scieneces, Odsjek za psihologiju, Filozofski fakultet u Rijeci, Trg Ivana Klobucarica 1, 51000 Rijeka
|
| 040 |
|
|
|a AU@
|b eng
|c AU@
|d OCLCS
|d NTE
|d TXA
|d CUS
|d OCLCQ
|d OCLCO
|d OCLCQ
|d OCLCA
|d OCLCF
|d OCLCO
|d OCLCQ
|d OCLCO
|d OCLCQ
|d OCLCA
|d VT2
|d WaSeSS
|
| 041 |
0 |
|
|a hrv
|a eng
|
| 042 |
|
|
|a pcc
|
| 043 |
|
|
|a e-ci---
|
| 050 |
1 |
4 |
|a BF8.C76
|b P75
|
| 245 |
0 |
0 |
|a Psihologijske teme
|h [electronic resource].
|
| 246 |
3 |
|
|a Psychological topics
|
| 246 |
3 |
|
|a Psychological themes
|
| 260 |
|
|
|a Rijeka :
|b Odsjek za psihologiju, Filozofski fakultet u Rijeci
|
| 310 |
|
|
|a Semiannual,
|b 2005-
|
| 321 |
|
|
|a Annual,
|b 1997/1998-2004
|
| 362 |
1 |
|
|a Print began with Br. 6/7 (1997/1998).
|
| 506 |
|
|
|a License restrictions may limit access.
|
| 515 |
|
|
|a Some numbers issued in combined form.
|
| 515 |
|
|
|a Annual issues for 1997/1998-2004 numbered 6/7-13; issues for 2005- called v.14, no. 1-
|
| 546 |
|
|
|a Chiefly in Croatian, with some contributions in English.
|
| 588 |
|
|
|a Description based on: No. 12 (2003); title from PDF article running title (Hrcak site, viewed Jan. 25, 2010).
|
| 588 |
|
|
|a Latest issue consulted: Vol. 19, no. 1 (June 2010) (Hrcak site, viewed Jan. 25, 2010).
|
| 650 |
|
0 |
|a Psychology
|v Periodicals.
|
| 650 |
|
0 |
|a Psychology
|z Croatia
|v Periodicals.
|
| 650 |
|
0 |
|a Psychology
|x Research
|z Croatia
|v Periodicals.
|
| 650 |
|
7 |
|a Psychology.
|2 fast
|0 (OCoLC)fst01081447
|
| 650 |
|
7 |
|a Psychology
|x Research.
|2 fast
|0 (OCoLC)fst01081506
|
| 651 |
|
7 |
|a Croatia.
|2 fast
|0 (OCoLC)fst01212674
|
| 655 |
|
0 |
|a Electronic journals.
|
| 710 |
2 |
|
|a Sveučilište u Rijeci.
|b Odsjek za psihologiju.
|
| 776 |
0 |
8 |
|i Print version:
|t Psihologijske teme
|x 1332-0742
|
| 780 |
0 |
0 |
|t Godišnjak Odsjeka za psihologiju
|
| 856 |
4 |
0 |
|z Full text available from Research Library: 07/01/2009 to present
|u https://search.proquest.com/publication/237825
|